000 00363nam a2200133Ia 4500
008 231129s2014||||xx |||||||||||||| ||spa||
040 _bspa
082 _a741.5942 P458t
100 _aPerrissin Christian
245 0 _aEl tenebroso viaje de Józef Teodor Konrad Korzeniowski: Kongo
260 _c2014
264 _aMadrid España : DibBuks
942 _2ddc
_cBKS
999 _c12527
_d12527